Gentilés - Ville en A - Statistiques

Statistiques générales
  • Ce quiz a été pris 25 fois
  • Le résultat moyen est 7 sur 15
Statistiques - réponses
Hint Réponse % Correct
Ajaccio Ajaccien(ne)
77%
Alger (Algérie) Algérois(e)
77%
Athènes (Grèce) Athénien(ne)
77%
Angers (France) Angevin(e)
68%
Amiens (France) Amiénois(e)
64%
Astana (Kazakhstan) Astanais(e)
59%
Adélaïde (Australie) Adélaïdien(ne)/Adélaidean(e)
50%
Amman (Jordanie) Ammanien(ne)
50%
Atlanta (USA) Atlantais(e)
50%
Alexandrie (Égypte) Alexandrin(e)
41%
Abu Dhabi (Émirats arabe unis) Abu Dhabien(ne)
27%
Alep (Syrie) Alepin(e)
18%
Amsterdam (Pays bas) Amstellodamois(e)/Amstellodamien(ne)
14%
Ankara (Turquie) Ankariote
9%
Asmara (Érythrée) Asmaréen(ne)
0%
Aucun quiz correspondant
Distribution des résultats
% des personnes avec chaque résultat
Percentile par nombre de réponses
Votre historique - résultats
Vous n’avez pas pris ce quiz